Sketches, projects, and executed buildings /

Bibliographic Details
Main Author: Wagner, Otto, 1841-1918
Format: Book
Language:English
German
Published: New York : Rizzoli, 1987.
Subjects:

MARC

Tag First Indicator Second Indicator Subfields
LEADER 00000cam a2200000 a 4500
001 in00000020077
005 20151007053820.0
008 870714r19871889nyua 00010 eng
010 |a  87045546  
020 |a 084780853X :  |c $85.00 
035 |a (OCoLC)16352101 
035 |9 AAB2912AM 
040 |a DLC  |c DLC  |d TXA  |d UtOrBLW 
041 1 |a eng  |a ger 
043 |a e-au--- 
049 |a TXAM  |c [A11072423] 
050 0 0 |a NA2707.W34  |b A4 1987 
082 0 |a 720/.22/2  |2 19 
100 1 |a Wagner, Otto,  |d 1841-1918. 
240 1 0 |a Einige Skizzen, Projekte und ausgeführte Bauwerke.  |l English 
245 1 0 |a Sketches, projects, and executed buildings /  |c Otto Wagner ; with an introduction by Peter Haiko. 
264 1 |a New York :  |b Rizzoli,  |c 1987. 
300 |a 261 pages :  |b chiefly illustrations ;  |c 34 cm. 
336 |a text  |b txt  |2 rdacontent 
337 |a unmediated  |b n  |2 rdamedia 
338 |a volume  |b nc  |2 rdacarrier 
500 |a Translation of: Einige Skizzen, Projekte und ausgeführte Bauwerke. 
500 |a "Complete reprint of the original volumes published in 1889, 1897, 1906, 1922." 
600 1 0 |a Wagner, Otto,  |d 1841-1918. 
650 0 |a Architectural drawing  |z Austria  |y 19th century. 
650 0 |a Architectural drawing  |z Austria  |y 20th century. 
650 0 |a Art nouveau (Architecture)  |z Austria  |z Vienna  |x Designs and plans. 
999 |a MARS 
999 f f |s 150ad116-4e43-370f-8071-1bde033785ad  |i ab3aa7be-a45b-3a04-ae4d-1cd50d457393  |t 0 
952 f f |p ric  |a Texas A&M University  |b Rellis Campus  |c Joint Library Facility  |d Remote Storage  |t 0  |e NA2707.W34 .A4 1987  |h Library of Congress classification  |i unmediated -- volume  |m A14811072423 
998 f f |a NA2707.W34 .A4 1987  |t 0  |l Remote Storage